000
00319nam a22001457a 4500
008
230531b ||||| |||| 00| 0 eng d
020
_a
9780133425505
041
_a
eng
080
_2
2ND EDITION
_a
004
082
_a
004AND
100
_a
18
101
_a
SHKI
245
_a
JUMP RIGHT IN !
_c
ANDREWS
942
_2
udc
_c
BK
999
_c
59884
_d
59884